[Event "Wch U18"]
[Site "Kemer"]
[Date "2007.11.20"]
[Round "3"]
[White "Polatel, Levent"]
[Black "Kose, Serkan"]
[Result "1-0"]
[WhiteElo "2009"]
[BlackElo "2173"]
[PlyCount "40"]
[EventDate "2007.11.18"]
[EventType "swiss"]
[EventRounds "11"]
[EventCountry "TUR"]
[SourceTitle "CBM 121 Extra"]
[Source "ChessBase"]
[SourceDate "2008.01.10"]
[SourceVersion "1"]
[SourceVersionDate "2008.01.10"]
[SourceQuality "1"]

1. Nf3 Nf6 2. c4 c5 3. Nc3 Nc6 4. g3 g6 5. Bg2 Bg7 6. d4 cxd4 7. Nxd4 0-0 8. Nc2 a5 9. 0-0 d6 10. e4 Nd7 11. Qd2 Nc5 12. b3 Rb8 13. Bb2 b6 14. Ne3 Bd7 15. Rad1 Nb4 16. Ncd5 Nbd3 17. Bxg7 Kxg7 18. Qc3+ Ne5 19. f4 Be6 20. fxe5 dxe5 1-0

[Event "EU-ch 5th"]
[Site "Antalya"]
[Date "2004.05.28"]
[Round "12"]
[White "Kose, Serkan"]
[Black "Yildiz Kadioglu, Betul Cemre"]
[Result "0-1"]
[WhiteElo "2244"]
[BlackElo "2108"]
[PlyCount "106"]
[EventDate "2004.05.15"]
[EventType "swiss"]
[EventRounds "13"]
[EventCountry "TUR"]
[SourceTitle "CBM 101"]
[Source "ChessBase"]
[SourceDate "2004.07.27"]
[SourceVersion "1"]
[SourceVersionDate "2004.07.27"]
[SourceQuality "1"]

1. e4 d5 2. exd5 Qxd5 3. Nc3 Qd6 4. d4 Nf6 5. Nf3 a6 6. Be2 Nc6 7. 0-0 Bg4 8. h3 Bh5 9. Be3 0-0-0 10. Re1 Bxf3 11. Bxf3 Nxd4 12. Bxd4 Qxd4 13. Qe2 Qb6 14. b4 e6 15. b5 axb5 16. Nxb5 c6 17. Rab1 Qc5 18. c4 Bd6 19. Nc3 Bc7 20. Qb2 Qa7 21. Na4 Rd4 22. Qb3 Rhd8 23. Re3 e5 24. Nc3 Rd2 25. c5 R2d7 26. g3 g6 27. Kg2 Ne8 28. Re4 Rd4 29. Qxf7 Qxc5 30. Qb3 Nd6 31. Na4 Qd5 32. Rxd4 Qxb3 33. Rxb3 exd4 34. Nc5 b6 35. Ne6 Re8 36. Nxd4 c5 37. Bg4+ Kb7 38. Ne6 c4 39. Ra3 b5 40. Nc5+ Kc6 41. Ne6 b4 42. Ra4 Kb5 43. Nxc7+ Kxa4 44. Nxe8 Nxe8 45. Kf1 Ka3 46. Ke2 Kxa2 47. Be6 Nd6 48. Bg8 h6 49. Bh7 g5 50. f4 gxf4 51. gxf4 c3 52. Kd3 Kb2 53. Kd4 b3 0-1

[Event "EU-ch 5th"]
[Site "Antalya"]
[Date "2004.05.23"]
[Round "8"]
[White "Bente, Bjoern"]
[Black "Kose, Serkan"]
[Result "1-0"]
[WhiteElo "2219"]
[BlackElo "2244"]
[PlyCount "143"]
[EventDate "2004.05.15"]
[EventType "swiss"]
[EventRounds "13"]
[EventCountry "TUR"]
[SourceTitle "CBM 101"]
[Source "ChessBase"]
[SourceDate "2004.07.27"]
[SourceVersion "1"]
[SourceVersionDate "2004.07.27"]
[SourceQuality "1"]

1. d4 d5 2. Nf3 Nf6 3. e3 e6 4. Bd3 c5 5. c3 Nc6 6. 0-0 Bd6 7. Nbd2 0-0 8. dxc5 Bxc5 9. e4 Qc7 10. Qe2 h6 11. Bc2 b6 12. h3 a5 13. exd5 exd5 14. Nb3 Re8 15. Qd1 Bb7 16. Nbd4 Nxd4 17. Nxd4 Ne4 18. Be3 Re7 19. Qg4 Bc8 20. Qf3 Bd7 21. Rfd1 Qe5 22. Bf4 Qf6 23. Bb3 Be6 24. Rd3 a4 25. Bc2 Bd7 26. Be3 Qg6 27. Ne2 Bc6 28. Nf4 Qf6 29. Bxc5 bxc5 30. Nxd5 Bxd5 31. Rxd5 Qxf3 32. gxf3 Ng5 33. Rad1 Nxf3+ 34. Kf1 Kf8 35. Rd8+ Re8 36. Rxa8 Rxa8 37. Be4 Rb8 38. Bxf3 Rxb2 39. Bd5 Rc2 40. Rd3 f6 41. Re3 Rc1+ 42. Ke2 Rc2+ 43. Kf3 g5 44. a3 f5 45. Bc6 f4 46. Rd3 c4 47. Rd8+ Ke7 48. Ra8 Rxc3+ 49. Kg4 Kd6 50. Be8 Rxa3 51. Rxa4 Rc3 52. Ra6+ Ke5 53. Bg6 Rc1 54. Bh7 c3 55. Rxh6 c2 56. Kf3 Kd4 57. Rh5 Kc3 58. Rxg5 Rh1 59. Bxc2 Kxc2 60. Kxf4 Rxh3 61. Ke4 Rh1 62. Rc5+ Kd2 63. f4 Re1+ 64. Kd4 Ra1 65. f5 Ra4+ 66. Ke5 Ke3 67. Rc3+ Kd2 68. Rb3 Ra5+ 69. Kf6 Ra6+ 70. Kg7 Ra7+ 71. Kg6 Ra6+ 72. f6 1-0